01349 2200205 4500001002100000005001500021035002000036008004100056245007200097100001700169250000600186260003800192300001200230084001400242082000800256650001000264520084500274990001201119990001201131INLIS00000000000134520240517075144 a0010-0524000580240517 1 ind 1 aThe Prisoner ( Aku Harus Menemukan Cintaku Sendiri ) /cLoryta Chai aChai, Loryta a1 aYogyakarta :bSheila/ Andi,c2018 a282 hlm a813 LOR t a813 4aFiksi aFrey Addison, seorang sutradara film yang baru saja pulang dari New York untuk menghadiri pernikahan adiknya, Eddy Addison, sangat marah ketika mengetahui Sabrina telah menggagalkan pernikahan adiknya, dengan membawanya kabur di saat pernikahannya sedang berlangsung. Sabrina sendiri tidak menyangka kalau ia harus berurusan dengan Kakak dari sahabatnya itu. Sabrina pun dituduh sebagai wanita selingkuhannya Eddy yang mengincar kekayaannya saja. Dan Frey, akan melakukan apa saja untuk menjauhkan Sabrina dari Eddy. Frey yang sudah berkomitmen ingin menjadi pria lajang dan tidak memikirkan soal pernikahan karena masa lalunya, yang pernah dikhianati seorang wanita yang berprofesi sebagai seorang model malah harus jatuh cinta dengan Sabrina yang merupakan seorang model dan aktris pendatang baru yang memiliki masa lalu yang kelam juga. a0741532 a0741533